NUTRITION AND BIOCHEMISTRY FOR NURSES (Record no. 8177)

MARC details
000 -LEADER
fixed length control field 00323nam a22001457a 4500
003 - CONTROL NUMBER IDENTIFIER
control field SGT
082 ## - DEWEY DECIMAL CLASSIFICATION NUMBER
Classification number 615.015
Item number N14A
100 ## - MAIN ENTRY--PERSONAL NAME
Personal name ANTHIKAD , JACOB
245 ## - TITLE STATEMENT
Title NUTRITION AND BIOCHEMISTRY FOR NURSES
250 ## - EDITION STATEMENT
Edition statement 2ND
260 ## - PUBLICATION, DISTRIBUTION, ETC. (IMPRINT)
Place of publication, distribution, etc DELHI
Name of publisher, distributor, etc JAYPEE PUB.
Year of Publication 2014
300 ## - PAGE DESCRIPTION
No. of Pages 502
650 ## - SUBJECT ADDED ENTRY--TOPICAL TERM
Topical term or geographic name as entry element NUTRITION
942 ## - ADDED ENTRY ELEMENTS (KOHA)
Source of classification or shelving scheme Dewey Decimal Classification
Koha item type Books
942 ## - ADDED ENTRY ELEMENTS (KOHA)
-- 67
Holdings
Withdrawn status Lost status Source of classification or shelving scheme Damaged status Not for loan Collection code Home library Current library Shelving location Date acquired Vendor Name Cost, normal purchase price SGTU Bill Number Total Checkouts Full call number Accession No. (Barcode) Date last seen Date last borrowed Bill Date Koha item type Total Renewals
    Dewey Decimal Classification     NURSING SGT Medical Library SGT Medical Library Text Book 23/12/2015 AHUJA BOOK COMPANY 395.00 SGTU 6070 28 615.015 N14A FN2969 03/06/2026 29/05/2026 11/08/2015 Books  
    Dewey Decimal Classification     NURSING SGT Medical Library SGT Medical Library Text Book 23/12/2015 AHUJA BOOK COMPANY 395.00 SGTU 6070 21 615.015 N14A FN2970 20/06/2025 11/06/2025 11/08/2015 Books  
    Dewey Decimal Classification     NURSING SGT Medical Library SGT Medical Library Text Book 23/12/2015 AHUJA BOOK COMPANY 395.00 SGTU 6070 32 615.015 N14A FN2971 03/06/2026 19/05/2026 11/08/2015 Books 2
    Dewey Decimal Classification     NURSING SGT Medical Library SGT Medical Library Text Book 23/12/2015 AHUJA BOOK COMPANY 395.00 SGTU 6070 20 615.015 N14A FN2972 27/02/2026 24/01/2026 11/08/2015 Books  
    Dewey Decimal Classification     NURSING SGT Medical Library SGT Medical Library Text Book 23/12/2015 AHUJA BOOK COMPANY 395.00 SGTU 6070 24 615.015 N14A FN2973 29/05/2026 29/05/2026 11/08/2015 Books 2
    Dewey Decimal Classification     NURSING SGT Medical Library SGT Medical Library Text Book 23/12/2015 AHUJA BOOK COMPANY 395.00 SGTU 6070 18 615.015 N14A FN2974 25/03/2026 25/03/2026 11/08/2015 Books